000 00674nam a2200229Ia 4500
003 OSt
005 20220923211734.0
006 a|||||r|||| 00| 0
007 ta
008 Pun
024 _a43,888
037 _cTextual
040 _aARTS
_cARTS
_bPun
041 _2Pun
_aPun
082 _aO153,3N291,TW, K0
100 _aਸਿੰਘ, ਜਸਵੰਤ
245 0 _aਤਾਰੀਖ ਵੇਖਦੀ ਹੈ
260 _aਅੰਮ੍ਰਿਤਸਰ
_b ਦਰਬਾਰ ਪੁਬਲਿFਿੰਗ
_c1960
650 _aਪੰਜਾਬੀ ਸਾਹਿਤ
942 _hO153,3N291,TW, K0
_cTEXL
_2CC
999 _c303044
_d303044